Ver para creer. La Información ciudadana en América Central: un estudio desde la sociedad civil
Sábháilte in:
| Príomhchruthaitheoir: | |
|---|---|
| Údar corparáideach: | |
| Formáid: | Téacs |
| Foilsithe / Cruthaithe: |
San José:
Fundacion Acceso. IDRC
|
| Ábhair: | |
| Clibeanna: |
Cuir clib leis
Níl clibeanna ann, Bí ar an gcéad duine le clib a chur leis an taifead seo!
|
MARC
| LEADER | 00000 a a2200000 04500 | ||
|---|---|---|---|
| 001 | 31303 | ||
| 003 | |||
| 040 | |a CRAI/IIS |c CRAI/IIS | ||
| 020 | |a 9968-862-09-6 | ||
| 090 | |a 198000 | ||
| 100 | |a Martinez Franzoni, Juliana | ||
| 110 | |a Fundación Acceso | ||
| 245 | |a Ver para creer. La Información ciudadana en América Central: un estudio desde la sociedad civil | ||
| 260 | |a San José: |b Fundacion Acceso. IDRC | ||
| 300 | |a 350 p. | ||
| 650 | |a ADMINISTRACION DE LA INFORMACION | ||
| 650 | |a ESTADO | ||
| 650 | |a DIFUSION DE LA INFORMACION | ||
| 650 | |a SOCIEDAD CIVIL | ||
| 650 | |a ACCESO A LA INFORMACION | ||
| 650 | |a GRUPOS POPULARES | ||
| 650 | |a PARTICIPACION SOCIAL | ||
| 650 | |a ACCION COLECTIVA | ||
| 999 | |c 7826 |d 7826 | ||



